01397cam a22002534a 45000010009000000050017000090080041000260100017000670200015000840400018000990420008001170500016001250820020001411000025001612450105001862500012002912600050003033000034003535040053003875050584004406500023010247000021010478560075010681297923520210414114121.0021024s2004 ohua b 001 0 eng  a 2002115010 a0324171862 aDLCcDLCdDLC apcc00aRA410.S26 00a338.4/336212221 aSanterre, Rexford E.10aHealth economics :theories, insights, and industry studies. /cRexford E. Santerre, Stephen P. Neun. a3rd ed. aMason, Ohio :bThomson/South-Western,cc2004. axvi, 584 p. :bill. ;c24 cm. aIncludes bibliographical references and indexes. aContents: Introduction -- Health and medical care: an economic perspective -- Cost and benefit analysis -- Health care systems and institutions -- The Demand for medical services -- The demand for medical insurance: traditional and managed care coverage -- Medical care production and costs -- Structure, conduct, performance and market analysis -- Government, health and medical care -- Government as health insurer -- The Private health insurance industry -- The Physician services industry -- The Hospital services industry -- The Long-term care industry -- Health care forum. 0aMedical economics.1 aNeun, Stephen P.413Table of contentsuhttp://www.loc.gov/catdir/toc/fy041/2002115010.html